[Event "Belgrade Radnicki IM 12"]
[Site "Belgrade"]
[Date "2023.12.10"]
[Round "7"]
[White "Saypuri, Srithan"]
[Black "Besedes, Danilo"]
[Result "0-1"]
[WhiteElo "2145"]
[BlackElo "2238"]
[PlyCount "91"]
[EventDate "2023.12.04"]
[EventType "tourn"]
[EventRounds "9"]
[EventCountry "SRB"]
[SourceTitle "CB51_2023"]
[SourceDate "2023.12.20"]
[SourceVersion "1"]
[SourceVersionDate "2023.12.20"]
[SourceQuality "1"]

1. e4 e6 2. d4 d5 3. e5 c5 4. c3 Bd7 5. Nf3 Nc6 6. Be2 Nge7 7. Na3 Ng6 8. h4 Be7 9. h5 Nf8 10. 0-0 h6 11. Nb5 Nh7 12. Bd3 Qb6 13. dxc5 Bxc5 14. b4 Be7 15. Be3 Qd8 16. Bxh7 Rxh7 17. Qd3 Rh8 18. Bc5 Kf8 19. Qe2 a6 20. Bxe7+ Qxe7 21. Nd6 Rb8 22. Nd4 Kg8 23. f4 f6 24. Qe3 Rf8 25. a4 Nd8 26. b5 Be8 27. bxa6 bxa6 28. Rfb1 Bxh5 29. a5 Kh7 30. Rb6 fxe5 31. Qxe5 Qh4 32. Rf1 Rf6 33. Rxa6 Rg8 34. Ra7 Rg6 35. f5 Rg5 36. Nxe6 Nxe6 37. Qxe6 Qg3 38. Qxd5 Qe3+ 39. Rf2 Qxa7 40. Qe4 Kh8 41. Qd4 Qe7 42. a6 Rg4 43. Qd2 Ra4 44. f6 Ra1+ 45. Kh2 Qe5+ 46. g3 0-1

[Event "Belgrade Trophy 36th"]
[Site "Belgrade"]
[Date "2023.12.03"]
[Round "9"]
[White "Besedes, Danilo"]
[Black "Blagojevic, Dragisa"]
[Result "0-1"]
[WhiteElo "2277"]
[BlackElo "2438"]
[PlyCount "162"]
[EventDate "2023.11.25"]
[EventType "swiss"]
[EventRounds "9"]
[EventCountry "SRB"]
[SourceTitle "CB49_2023"]
[SourceDate "2023.12.06"]
[SourceVersion "1"]
[SourceVersionDate "2023.12.06"]
[SourceQuality "1"]

1. d4 d5 2. Nf3 Nf6 3. g3 c5 4. Bg2 cxd4 5. 0-0 h6 6. Nxd4 e5 7. Nb3 Nc6 8. Nc3 Be6 9. e4 d4 10. Nb1 a5 11. c3 a4 12. N3d2 Be7 13. cxd4 exd4 14. h3 Nb4 15. Na3 Nxa2 16. e5 Nd7 17. Ndc4 Nxc1 18. Rxc1 0-0 19. Qxd4 Nc5 20. Rcd1 Qxd4 21. Rxd4 f6 22. Re1 Rad8 23. Rxd8 Rxd8 24. Re2 b5 25. Na5 b4 26. Nc2 b3 27. Ne3 Bf8 28. exf6 gxf6 29. Nc6 Rd6 30. Nb4 Nd3 31. Nbd5 a3 32. bxa3 b2 33. Nc3 Rb6 34. Nf1 Bf7 35. Nb1 Rb8 36. Be4 Ne5 37. Ne3 Ba2 38. Bd5+ Bxd5 39. Nxd5 Nc4 40. a4 Na3 41. Ndc3 Kf7 42. a5 f5 43. Kf1 Nxb1 44. Nxb1 Bg7 45. Rc2 Rb5 46. Rc7+ Kg6 47. a6 Ra5 48. a7 Bd4 49. Rc6+ Bf6 50. Rc7 Bd4 51. Rc6+ Kf7 52. Rc4 Bf6 53. Rc7+ Ke6 54. Ke2 Bd4 55. Kd3 Bxf2 56. Rc6+ Kf7 57. Rc7+ Ke6 58. Rc6+ Ke5 59. Rxh6 Rxa7 60. g4 Rd7+ 61. Ke2 Bd4 62. Rh5 Rc7 63. Rxf5+ Ke6 64. Rf1 Rc2+ 65. Kd3 Rc1 66. Ke2 Bf6 67. Rd1 Bg5 68. Na3 Be7 69. Nb1 Ke5 70. Rf1 Bg5 71. Rf5+ Ke6 72. Rf1 Ke5 73. Rf5+ Kd4 74. Rxg5 Rxb1 75. Rb5 Rh1 76. Kf3 b1Q 77. Rxb1 Rxb1 78. Kf4 Kd5 79. Kf5 Kd6 80. Kf6 Rh1 81. g5 Rxh3 0-1

[Event "Pozarevac Rudar 18th"]
[Site "Pozarevac"]
[Date "2023.11.13"]
[Round "8"]
[White "Ilincic, Zlatko"]
[Black "Besedes, Danilo"]
[Result "1/2-1/2"]
[WhiteElo "2301"]
[BlackElo "2277"]
[PlyCount "22"]
[EventDate "2023.11.07"]
[EventType "schev"]
[EventRounds "8"]
[EventCountry "SRB"]
[SourceTitle "CB46_2023"]
[SourceDate "2023.11.15"]
[SourceVersion "1"]
[SourceVersionDate "2023.11.15"]
[SourceQuality "1"]
[WhiteTeam "Team A"]
[BlackTeam "Team C"]
[WhiteTeamCountry "SRB"]
[BlackTeamCountry "SRB"]

1. d4 d5 2. c4 e6 3. Nf3 Nf6 4. e3 Be7 5. Nc3 Nbd7 6. b3 0-0 7. Bd3 c6 8. 0-0 b6 9. Bb2 Bb7 10. Qe2 c5 11. Rac1 Rc8 1/2-1/2

[Event "Pozarevac Rudar 18th"]
[Site "Pozarevac"]
[Date "2023.11.11"]
[Round "5"]
[White "Besedes, Danilo"]
[Black "Bryakin, Mikhail"]
[Result "0-1"]
[WhiteElo "2277"]
[BlackElo "2478"]
[PlyCount "120"]
[EventDate "2023.11.07"]
[EventType "schev"]
[EventRounds "8"]
[EventCountry "SRB"]
[SourceTitle "CB46_2023"]
[SourceDate "2023.11.15"]
[SourceVersion "1"]
[SourceVersionDate "2023.11.15"]
[SourceQuality "1"]
[WhiteTeam "Team C"]
[BlackTeam "Team A"]
[WhiteTeamCountry "SRB"]
[BlackTeamCountry "SRB"]

1. d4 d5 2. Nf3 Nf6 3. g3 Bf5 4. Bg2 h6 5. 0-0 e6 6. c4 c6 7. Nc3 Nbd7 8. Nd2 Be7 9. e4 dxe4 10. Ndxe4 0-0 11. Nxf6+ Nxf6 12. d5 Rc8 13. dxc6 bxc6 14. Qa4 Qb6 15. Be3 Qxb2 16. Qxa7 Qa3 17. Qxa3 Bxa3 18. Na4 c5 19. Bc1 Bxc1 20. Rfxc1 Be4 21. Nc3 Bxg2 22. Kxg2 Ra8 23. a4 Rfb8 24. Rcb1 Rb4 25. Rxb4 cxb4 26. Nb5 Ne4 27. a5 b3 28. Rb1 Nd2 29. Rb2 Nxc4 30. Rxb3 Rxa5 31. Rc3 Ne5 32. Rc5 Nd3 33. Rc8+ Kh7 34. Nc3 Rc5 35. Rxc5 Nxc5 36. Kf3 Kg6 37. Ke3 Kf5 38. h3 Ke5 39. Nb5 g5 40. Nd4 Nd7 41. Nf3+ Kd5 42. Nd4 Nb6 43. Kd3 Nc4 44. Nc2 Nb2+ 45. Ke3 f5 46. Nb4+ Kc5 47. Na6+ Kb6 48. Nb4 Kb5 49. Nc2 Kc4 50. Kd2 f4 51. gxf4 gxf4 52. Ke2 Kc3 53. Ne1 Kd4 54. Kf3 e5 55. Ng2 Nd3 56. Nh4 e4+ 57. Ke2 f3+ 58. Kd2 Nxf2 59. Nf5+ Ke5 60. Nxh6 Kf4 0-1

[Event "Pozarevac Rudar 15th"]
[Site "Pozarevac"]
[Date "2023.08.07"]
[Round "6"]
[White "Besedes, Danilo"]
[Black "Tenuunbold, Battulga"]
[Result "0-1"]
[WhiteElo "2287"]
[BlackElo "2203"]
[PlyCount "54"]
[EventDate "2023.08.03"]
[EventType "tourn"]
[EventRounds "9"]
[EventCountry "SRB"]
[EventCategory "1"]
[SourceTitle "CBM 215 Extra"]
[Source "ChessBase"]
[SourceDate "2023.09.30"]
[SourceVersion "1"]
[SourceVersionDate "2023.09.30"]
[SourceQuality "1"]

1. d4 d5 2. c4 c6 3. Nf3 Nf6 4. Nc3 e6 5. e3 Nbd7 6. Qc2 Bd6 7. b3 0-0 8. Bb2 e5 9. cxd5 cxd5 10. dxe5 Nxe5 11. Be2 Be6 12. Nd4 Rc8 13. a3 Ne4 14. b4 Qh4 15. g3 Qh3 16. Bf1 Qh6 17. Qb3 Nxf2 18. Kxf2 Ng4+ 19. Ke1 Qxe3+ 20. Nce2 Qf2+ 21. Kd2 Ne5 22. Nxe6 fxe6 23. Bxe5 Bxe5 24. Bh3 Rc3 25. Bxe6+ Kh8 26. Raf1 Qe3+ 27. Kd1 Rd3+ 0-1

[Event "Pozarevac Rudar IM 14th"]
[Site "Pozarevac"]
[Date "2023.07.29"]
[Round "4"]
[White "Geivondian, Arman"]
[Black "Besedes, Danilo"]
[Result "1/2-1/2"]
[WhiteElo "2306"]
[BlackElo "2287"]
[PlyCount "138"]
[EventDate "2023.07.26"]
[EventType "tourn"]
[EventRounds "9"]
[EventCountry "SRB"]
[EventCategory "1"]
[SourceTitle "CBM 215 Extra"]
[Source "ChessBase"]
[SourceDate "2023.09.30"]
[SourceVersion "1"]
[SourceVersionDate "2023.09.30"]
[SourceQuality "1"]

1. d4 d5 2. Nf3 Nf6 3. c4 c6 4. Nc3 dxc4 5. a4 e6 6. g4 Bb4 7. g5 Ne4 8. Qc2 Qa5 9. Qxe4 Bxc3+ 10. Bd2 Bxd2+ 11. Nxd2 Qxg5 12. e3 Nd7 13. Bxc4 Nf6 14. Qf3 0-0 15. Ke2 e5 16. h4 Qh6 17. Ne4 Nxe4 18. Qxe4 exd4 19. Qxd4 Be6 20. Rad1 Qh5+ 21. f3 Bxc4+ 22. Qxc4 Rad8 23. Rd4 Rxd4 24. Qxd4 Qg6 25. Kf2 Qc2+ 26. Kg3 c5 27. Qc3 Qg6+ 28. Kf2 Qd6 29. h5 Rd8 30. h6 Qd2+ 31. Kg3 Qxc3 32. bxc3 Rd3 33. Rb1 b6 34. Kf4 gxh6 35. a5 Rxc3 36. axb6 axb6 37. Rxb6 Kg7 38. e4 h5 39. Rb1 c4 40. Rb5 h4 41. Rg5+ Kh8 42. Rf5 Kg7 43. Rg5+ Kh6 44. Rg4 Rb3 45. Rxh4+ Kg7 46. Rg4+ Kh8 47. Rg5 c3 48. Rc5 Kg7 49. Kf5 c2 50. Rxc2 Rxf3+ 51. Kg4 Rf1 52. Rc5 Kf6 53. Ra5 Re1 54. Kf4 Rf1+ 55. Kg4 h6 56. Rb5 Kg6 57. Rb6+ Rf6 58. Rb5 Rf2 59. Rb6+ Kg7 60. Ra6 Rf1 61. Rb6 Rg1+ 62. Kf4 h5 63. Rb5 Kh6 64. Rb6+ Rg6 65. Rb8 Kg7 66. Rb5 Rh6 67. Kg3 h4+ 68. Kh3 Rh8 69. Rf5 Kg6 1/2-1/2

[Event "Pozarevac Rudar IM 14th"]
[Site "Pozarevac"]
[Date "2023.07.28"]
[Round "3"]
[White "Besedes, Danilo"]
[Black "Spasic, Petar"]
[Result "1/2-1/2"]
[WhiteElo "2287"]
[BlackElo "2317"]
[PlyCount "98"]
[EventDate "2023.07.26"]
[EventType "tourn"]
[EventRounds "9"]
[EventCountry "SRB"]
[EventCategory "1"]
[SourceTitle "CBM 215 Extra"]
[Source "ChessBase"]
[SourceDate "2023.09.30"]
[SourceVersion "1"]
[SourceVersionDate "2023.09.30"]
[SourceQuality "1"]

1. Nf3 g6 2. d4 Nf6 3. g3 Bg7 4. Bg2 0-0 5. 0-0 d6 6. a4 a5 7. Nc3 Nc6 8. e4 e5 9. dxe5 Nxe5 10. Nxe5 dxe5 11. Qxd8 Rxd8 12. Bg5 c6 13. h3 Re8 14. Rad1 Nd7 15. Be3 Bf8 16. Bf3 Nc5 17. Bg4 Bxg4 18. hxg4 Red8 19. Bg5 Rd4 20. b3 Ne6 21. Be3 Rdd8 22. Bb6 Rxd1 23. Rxd1 Bc5 24. Bxc5 Nxc5 25. f3 Kf8 26. Kf2 Ke7 27. Ke3 Rd8 28. Rh1 Rh8 29. g5 Ne6 30. f4 f6 31. gxf6+ Kxf6 32. fxe5+ Kxe5 33. Ne2 h5 34. Nf4 Nxf4 35. gxf4+ Kf6 36. e5+ Kf5 37. Rg1 Rh6 38. Rg5+ Ke6 39. Kf3 h4 40. Kg2 h3+ 41. Kh2 Kf7 42. e6+ Kxe6 43. Rxa5 Rh4 44. Ra7 Rxf4 45. Rxb7 Rf2+ 46. Kxh3 Rxc2 47. a5 Ra2 48. b4 c5 49. Rb6+ Kd7 1/2-1/2

[Event "Titled Tuesday intern op 25th Jul Late"]
[Site "Chess.com INT"]
[Date "2023.07.25"]
[Round "2"]
[White "Besedes, Danilo"]
[Black "Biliy, Vadim"]
[Result "1-0"]
[WhiteElo "2287"]
[BlackElo "2331"]
[PlyCount "75"]
[EventDate "2023.07.25"]
[EventType "swiss (blitz)"]
[EventRounds "11"]
[EventCountry "USA"]
[SourceTitle "EXT 2024"]
[Source "ChessBase"]
[SourceDate "2023.10.10"]
[SourceVersion "1"]
[SourceVersionDate "2023.10.10"]
[SourceQuality "1"]

1. b4 e5 2. Bb2 d6 3. c4 f5 4. e3 Nf6 5. d4 e4 6. Ne2 Be7 7. Nf4 0-0 8. Nc3 c6 9. d5 Na6 10. a3 Nc7 11. h4 Qe8 12. Be2 Kh8 13. h5 Ng8 14. Nxe4 Nh6 15. Nd2 Bf6 16. Qc2 Bxb2 17. Qxb2 cxd5 18. cxd5 Bd7 19. Rc1 Rc8 20. Nf3 Bb5 21. Bxb5 Qxb5 22. Nd4 Qa6 23. Rxc7 Rxc7 24. Nde6 Rff7 25. Nxc7 Rxc7 26. Ne6 Re7 27. Qc3 Qb5 28. Nf4 Kg8 29. f3 Kf7 30. Kf2 Ng8 31. Ne6 Nf6 32. h6 g6 33. Nf4 g5 34. Nh5 Ne8 35. Qd3 Re5 36. Rd1 Nc7 37. e4 fxe4 38. fxe4 1-0

[Event "Titled Tuesday intern op 18th Jul Late"]
[Site "Chess.com INT"]
[Date "2023.07.18"]
[Round "7"]
[White "Besedes, Danilo"]
[Black "Bartel, Mateusz"]
[Result "0-1"]
[WhiteElo "2287"]
[BlackElo "2614"]
[PlyCount "128"]
[EventDate "2023.07.18"]
[EventType "swiss (blitz)"]
[EventRounds "11"]
[EventCountry "USA"]
[SourceTitle "EXT 2024"]
[Source "ChessBase"]
[SourceDate "2023.10.10"]
[SourceVersion "1"]
[SourceVersionDate "2023.10.10"]
[SourceQuality "1"]

1. b3 e5 2. Bb2 d6 3. e3 Nc6 4. d4 exd4 5. exd4 Nf6 6. Nf3 Be7 7. Nbd2 0-0 8. Be2 Re8 9. 0-0 Bf8 10. a3 Ne7 11. Bd3 Ng6 12. Re1 c6 13. h3 Bd7 14. Ne4 Nxe4 15. Rxe4 Rxe4 16. Bxe4 Qf6 17. Bxg6 Qxg6 18. Kf1 Be7 19. Qd2 Bf5 20. Re1 Bf6 21. c4 h6 22. d5 Be4 23. Bxf6 Bxf3 24. gxf3 Qxf6 25. dxc6 Qxf3 26. cxb7 Qh1+ 27. Ke2 Qxb7 28. Qd3 a5 29. Kd2 Rb8 30. Kc2 Qb6 31. Re3 Qc5 32. Kb2 h5 33. Qd5 Qb6 34. Qxh5 Qd4+ 35. Kc2 Qa1 36. Qxa5 Qa2+ 37. Kc1 Qxf2 38. Qd2 Qf6 39. Kb1 Qf5+ 40. Ka2 f6 41. Qe2 Kh7 42. Qd3 Qxd3 43. Rxd3 f5 44. Rxd6 f4 45. Rd3 g6 46. Rf3 g5 47. b4 Kg6 48. c5 Kf5 49. Kb3 Ke4 50. Rf1 Rh8 51. c6 Rxh3+ 52. Kc4 Rh2 53. b5 Rc2+ 54. Kb4 f3 55. a4 g4 56. a5 g3 57. a6 f2 58. a7 g2 59. Rxf2 Rxf2 60. a8Q g1Q 61. Qe8+ Kd3 62. Qd7+ Kc2 63. c7 Rf4+ 64. Ka3 Qa7# 0-1

[Event "Titled Tuesday intern op 18th Jul Early"]
[Site "Chess.com INT"]
[Date "2023.07.18"]
[Round "3"]
[White "Besedes, Danilo"]
[Black "Liyanage, Ranindu Dilshan"]
[Result "0-1"]
[WhiteElo "2287"]
[BlackElo "2376"]
[PlyCount "44"]
[EventDate "2023.07.18"]
[EventType "swiss (blitz)"]
[EventRounds "11"]
[EventCountry "USA"]
[SourceTitle "EXT 2024"]
[Source "ChessBase"]
[SourceDate "2023.10.10"]
[SourceVersion "1"]
[SourceVersionDate "2023.10.10"]
[SourceQuality "1"]

1. b3 e5 2. Bb2 Nc6 3. e3 Nf6 4. Bb5 Bd6 5. Ne2 0-0 6. 0-0 Re8 7. Ng3 a6 8. Bd3 Bf8 9. Nc3 d5 10. f4 exf4 11. Rxf4 Bd6 12. Rf1 Ng4 13. Qf3 Nce5 14. Qxd5 Qh4 15. h3 Be6 16. Qe4 Nxd3 17. Nf5 Bxf5 18. Qxf5 Qg3 19. Rf3 Qh2+ 20. Kf1 Qh1+ 21. Ke2 Qxg2+ 22. Kxd3 Ne5+ 0-1

[Event "Titled Tuesday intern op 18th Jul Late"]
[Site "Chess.com INT"]
[Date "2023.07.18"]
[Round "2"]
[White "Matinian, Nikita"]
[Black "Besedes, Danilo"]
[Result "1/2-1/2"]
[WhiteElo "2421"]
[BlackElo "2287"]
[PlyCount "122"]
[EventDate "2023.07.18"]
[EventType "swiss (blitz)"]
[EventRounds "11"]
[EventCountry "USA"]
[SourceTitle "EXT 2024"]
[Source "ChessBase"]
[SourceDate "2023.10.10"]
[SourceVersion "1"]
[SourceVersionDate "2023.10.10"]
[SourceQuality "1"]

1. e4 g6 2. d4 Bg7 3. Nc3 c6 4. f4 d5 5. e5 h5 6. Be3 Nh6 7. Qd2 Ng4 8. 0-0-0 Nxe3 9. Qxe3 Bf5 10. Nf3 e6 11. Rg1 Nd7 12. g3 Bg4 13. h3 Bxf3 14. Qxf3 Qe7 15. g4 hxg4 16. hxg4 0-0-0 17. Kb1 a6 18. f5 gxf5 19. gxf5 Bh6 20. Rh1 Rdg8 21. Bd3 Bf8 22. Ne2 c5 23. c3 cxd4 24. cxd4 Qb4 25. Rxh8 Rxh8 26. fxe6 fxe6 27. Qf7 Qe7 28. Rc1+ Kb8 29. Qxe7 Bxe7 30. Nf4 Bg5 31. Rf1 Bxf4 32. Rxf4 Rf8 33. Rh4 Rf3 34. Kc2 Rf2+ 35. Kc3 Kc7 36. Rh7 Kd8 37. a4 Rf3 38. Rh6 Ke7 39. a5 Rg3 40. b4 Rf3 41. Rh7+ Rf7 42. Rxf7+ Kxf7 43. b5 axb5 44. Bxb5 Nf8 45. Kb4 Ke7 46. Kc5 Nd7+ 47. Bxd7 Kxd7 48. Kb6 Kc8 49. a6 Kb8 50. Kb5 Ka7 51. Kc5 bxa6 52. Kd6 a5 53. Kxe6 a4 54. Kxd5 a3 55. e6 a2 56. e7 a1Q 57. e8Q Qa2+ 58. Kd6 Qa3+ 59. Kd5 Qa2+ 60. Kd6 Qa3+ 61. Kd5 Qa2+ 1/2-1/2

[Event "Titled Tuesday intern op 18th Jul Early"]
[Site "Chess.com INT"]
[Date "2023.07.18"]
[Round "11"]
[White "Onufrienko, Vladislav"]
[Black "Besedes, Danilo"]
[Result "0-1"]
[WhiteElo "2010"]
[BlackElo "2287"]
[PlyCount "72"]
[EventDate "2023.07.18"]
[EventType "swiss (blitz)"]
[EventRounds "11"]
[EventCountry "USA"]
[SourceTitle "EXT 2024"]
[Source "ChessBase"]
[SourceDate "2023.10.10"]
[SourceVersion "1"]
[SourceVersionDate "2023.10.10"]
[SourceQuality "1"]

1. e4 g6 2. d4 Bg7 3. Nc3 c6 4. f4 d5 5. e5 h5 6. Bd3 Nh6 7. Nf3 Bg4 8. h3 Bxf3 9. Qxf3 e6 10. Be3 Nf5 11. Bf2 h4 12. 0-0-0 Nd7 13. Kb1 a6 14. Ne2 Bf8 15. c4 dxc4 16. Bxc4 Nb6 17. Bd3 Nd5 18. Be4 Qa5 19. Rc1 0-0-0 20. Rhd1 Kb8 21. Nc3 Bb4 22. Nxd5 cxd5 23. Bxf5 gxf5 24. a3 Be7 25. Qb3 Rhg8 26. Be1 Qb5 27. Qf3 Rg6 28. Rd3 Rdg8 29. Rb3 Qa4 30. Qc3 Qd7 31. Qa5 Rc8 32. Rxc8+ Qxc8 33. Qxa6 Rxg2 34. Ba5 Qc2+ 35. Ka2 Qxb3+ 36. Kxb3 bxa6 0-1

[Event "Titled Tuesday intern op 18th Jul Late"]
[Site "Chess.com INT"]
[Date "2023.07.18"]
[Round "5"]
[White "Rustemov, Alexander"]
[Black "Besedes, Danilo"]
[Result "0-1"]
[WhiteElo "2525"]
[BlackElo "2287"]
[PlyCount "114"]
[EventDate "2023.07.18"]
[EventType "swiss (blitz)"]
[EventRounds "11"]
[EventCountry "USA"]
[SourceTitle "EXT 2024"]
[Source "ChessBase"]
[SourceDate "2023.10.10"]
[SourceVersion "1"]
[SourceVersionDate "2023.10.10"]
[SourceQuality "1"]

1. d4 g6 2. c4 Bg7 3. Nf3 c6 4. e4 d5 5. exd5 cxd5 6. cxd5 Qxd5 7. Nc3 Qd8 8. Bc4 Nf6 9. 0-0 0-0 10. Ne5 Nc6 11. Nxc6 bxc6 12. Re1 Nd5 13. Ne4 Rb8 14. b3 Bf5 15. Bg5 Bxe4 16. Rxe4 Nc3 17. Bxe7 Nxd1 18. Bxd8 Nc3 19. Re7 Rbxd8 20. Rxa7 Bxd4 21. Rc7 Ne2+ 22. Bxe2 Bxa1 23. g3 Rd2 24. Kf1 Rxa2 25. Rxc6 Bd4 26. Rd6 Ba7 27. Rd7 Bc5 28. Rc7 Bd4 29. Rd7 Bf6 30. Bc4 Kg7 31. h4 h5 32. Kg2 Bc3 33. Kf1 Bb4 34. Rd5 Rc2 35. Rb5 Bd6 36. Kg2 Rc8 37. Rb7 Rc7 38. Rb5 R2xc4 39. bxc4 Rxc4 40. Rb2 Be5 41. Re2 Bf6 42. Rd2 Rb4 43. Re2 Rb2 44. Re4 Bd8 45. Rf4 Bb6 46. Kf1 f5 47. Rf3 Kf6 48. Rf4 Ke5 49. Kg2 Rxf2+ 50. Rxf2 Bxf2 51. Kxf2 Ke4 52. Ke2 f4 53. Kf2 fxg3+ 54. Kxg3 Ke3 55. Kg2 Kf4 56. Kh3 Kf3 57. Kh2 Kg4 0-1

[Event "Titled Tuesday intern op 04th Jul Late"]
[Site "Chess.com INT"]
[Date "2023.07.04"]
[Round "5"]
[White "Besedes, Danilo"]
[Black "Alahakoon, Isuru"]
[Result "0-1"]
[WhiteElo "2287"]
[BlackElo "1806"]
[PlyCount "112"]
[EventDate "2023.07.04"]
[EventType "swiss (blitz)"]
[EventRounds "11"]
[EventCountry "USA"]
[SourceTitle "EXT 2024"]
[Source "ChessBase"]
[SourceDate "2023.10.10"]
[SourceVersion "1"]
[SourceVersionDate "2023.10.10"]
[SourceQuality "1"]

1. b3 e5 2. Bb2 Nc6 3. e3 g6 4. Bb5 Nge7 5. Nf3 Bg7 6. 0-0 0-0 7. d4 a6 8. Bxc6 Nxc6 9. d5 e4 10. Bxg7 Kxg7 11. dxc6 exf3 12. Qxf3 dxc6 13. Rd1 Qf6 14. Qxf6+ Kxf6 15. Nd2 Bf5 16. e4 Bg4 17. f3 Be6 18. Nf1 Rfd8 19. Kf2 c5 20. Ne3 c6 21. Rxd8 Rxd8 22. Rd1 Ra8 23. f4 Ke7 24. g4 f6 25. f5 Bf7 26. h3 b5 27. Ra1 Rd8 28. Rd1 Ra8 29. Ra1 Rd8 30. a4 Rd2+ 31. Kf3 Rh2 32. Kg3 Re2 33. Kf3 Rh2 34. axb5 Rxh3+ 35. Ke2 axb5 36. Ra7+ Ke8 37. g5 fxg5 38. f6 h5 39. e5 g4 40. e6 Bxe6 41. Re7+ Kf8 42. Rxe6 Rh2+ 43. Kf1 g3 44. Rxc6 h4 45. Ng4 h3 46. Ne5 Rf2+ 47. Ke1 Rxf6 48. Rxf6+ Ke7 49. Rxg6 h2 50. Rh6 g2 51. Nf3 g1Q+ 52. Nxg1 hxg1Q+ 53. Ke2 Qg4+ 54. Ke1 Qg3+ 55. Kd1 Qg1+ 56. Ke2 Qg2+ 0-1

[Event "Titled Tuesday intern op 04th Jul Early"]
[Site "Chess.com INT"]
[Date "2023.07.04"]
[Round "7"]
[White "Besedes, Danilo"]
[Black "Toolin, Christopher"]
[Result "1-0"]
[WhiteElo "2287"]
[BlackElo "2165"]
[PlyCount "57"]
[EventDate "2023.07.04"]
[EventType "swiss (blitz)"]
[EventRounds "11"]
[EventCountry "USA"]
[SourceTitle "EXT 2024"]
[Source "ChessBase"]
[SourceDate "2023.10.10"]
[SourceVersion "1"]
[SourceVersionDate "2023.10.10"]
[SourceQuality "1"]

1. b3 d5 2. Bb2 c5 3. e3 a6 4. Nf3 Nc6 5. d4 Nf6 6. dxc5 Qa5+ 7. Nbd2 Qxc5 8. a3 Bg4 9. b4 Qd6 10. c4 Rd8 11. cxd5 Qxd5 12. Qc2 Bf5 13. Qb3 Qd7 14. Bc4 e6 15. 0-0 Be7 16. Rad1 Qc7 17. Nd4 Nxd4 18. Bxd4 b5 19. Be2 0-0 20. Rc1 Qb7 21. Bf3 Qb8 22. Qb2 Rd7 23. Nb3 Rfd8 24. Na5 Rxd4 25. exd4 Qf4 26. Qe2 Bd6 27. g3 Qh6 28. Nb7 Rd7 29. Nxd6 1-0

[Event "Titled Tuesday intern op 04th Jul Early"]
[Site "Chess.com INT"]
[Date "2023.07.04"]
[Round "5"]
[White "Hambleton, Aman"]
[Black "Besedes, Danilo"]
[Result "0-1"]
[WhiteElo "2420"]
[BlackElo "2287"]
[PlyCount "66"]
[EventDate "2023.07.04"]
[EventType "swiss (blitz)"]
[EventRounds "11"]
[EventCountry "USA"]
[SourceTitle "EXT 2024"]
[Source "ChessBase"]
[SourceDate "2023.10.10"]
[SourceVersion "1"]
[SourceVersionDate "2023.10.10"]
[SourceQuality "1"]

1. d4 d6 2. e4 Nf6 3. f3 Nbd7 4. c4 e5 5. Ne2 Be7 6. Nbc3 c6 7. Be3 Qc7 8. Qd2 a6 9. d5 cxd5 10. Nxd5 Nxd5 11. cxd5 0-0 12. Rc1 Qd8 13. g3 f5 14. Bh3 fxe4 15. fxe4 Nf6 16. Bg2 Ng4 17. Rc3 Bd7 18. Bg1 Bg5 19. Qd3 Qa5 20. a3 Rac8 21. h3 Nf6 22. Be3 Bxe3 23. Qxe3 Nh5 24. Bf3 Nf6 25. 0-0 Bxh3 26. Rfc1 Rxc3 27. Qxc3 Qb6+ 28. Kh2 Bg4 29. Bg2 Bxe2 30. Qc7 Qf2 31. Qxd6 Bf3 32. Rg1 Ng4+ 33. Kh3 Ne3 0-1

[Event "Titled Tuesday intern op 04th Jul Late"]
[Site "Chess.com INT"]
[Date "2023.07.04"]
[Round "2"]
[White "Keymer, Vincent"]
[Black "Besedes, Danilo"]
[Result "1-0"]
[WhiteElo "2690"]
[BlackElo "2287"]
[PlyCount "135"]
[EventDate "2023.07.04"]
[EventType "swiss (blitz)"]
[EventRounds "11"]
[EventCountry "USA"]
[SourceTitle "EXT 2024"]
[Source "ChessBase"]
[SourceDate "2023.10.10"]
[SourceVersion "1"]
[SourceVersionDate "2023.10.10"]
[SourceQuality "1"]

1. a3 e5 2. c4 Nf6 3. d3 Nc6 4. Nf3 d5 5. cxd5 Nxd5 6. e4 Nf6 7. Be2 Be7 8. Be3 0-0 9. 0-0 Bg4 10. Nbd2 a5 11. Rc1 Re8 12. h3 Bh5 13. Qb3 Rb8 14. Qb5 Nd7 15. Rfd1 Bf6 16. Nf1 Bxf3 17. Bxf3 Nd4 18. Bxd4 exd4 19. Qxa5 c6 20. Qxd8 Rbxd8 21. Bg4 Ne5 22. f4 Ng6 23. g3 Be7 24. Nd2 Bd6 25. Nb3 Bb8 26. Kg2 h5 27. Bxh5 Bxf4 28. Rb1 Bb8 29. Bxg6 fxg6 30. Na5 Rd7 31. Rf1 Re5 32. Nc4 Rg5 33. g4 b5 34. Nd2 c5 35. Nf3 Bf4 36. Rbc1 c4 37. Nxg5 Bxg5 38. dxc4 Bxc1 39. Rxc1 bxc4 40. Rxc4 d3 41. Rc1 Rb7 42. b4 Ra7 43. Ra1 d2 44. Rd1 Rxa3 45. Rxd2 Rb3 46. Rd8+ Kf7 47. Rb8 Re3 48. Rb7+ Kf6 49. Rb8 Rxe4 50. Kf3 Rc4 51. h4 Rc3+ 52. Ke2 Rc4 53. g5+ Kf7 54. b5 Rxh4 55. b6 Rb4 56. Kd3 Rb5 57. Kc4 Rb1 58. Kd5 Ke7 59. Kc6 Rc1+ 60. Kb7 Ke6 61. Rc8 Rb1 62. Rc7 Kf5 63. Rc5+ Kg4 64. Kc7 Rf1 65. b7 Rf7+ 66. Kb6 Rf8 67. Ka7 Rf7 68. Ka8 1-0

[Event "Titled Tuesday intern op 04th Jul Early"]
[Site "Chess.com INT"]
[Date "2023.07.04"]
[Round "3"]
[White "Kushko, Dmitriy"]
[Black "Besedes, Danilo"]
[Result "0-1"]
[WhiteElo "2426"]
[BlackElo "2287"]
[PlyCount "102"]
[EventDate "2023.07.04"]
[EventType "swiss (blitz)"]
[EventRounds "11"]
[EventCountry "USA"]
[SourceTitle "EXT 2024"]
[Source "ChessBase"]
[SourceDate "2023.10.10"]
[SourceVersion "1"]
[SourceVersionDate "2023.10.10"]
[SourceQuality "1"]

1. Nf3 d6 2. d4 Nf6 3. g3 Nbd7 4. Bg2 e5 5. 0-0 Be7 6. Nc3 0-0 7. e4 c6 8. a4 a5 9. h3 Qc7 10. Be3 Re8 11. Nh2 Nb6 12. b3 c5 13. Nb5 Qb8 14. d5 Bd7 15. Na3 Qc8 16. g4 Bf8 17. Qd3 Qd8 18. Kh1 h6 19. f4 exf4 20. Bxf4 Nh7 21. Rae1 Qh4 22. Nf3 Qd8 23. e5 dxe5 24. Nxe5 Nf6 25. g5 hxg5 26. Bxg5 Bd6 27. Bxf6 gxf6 28. Qg3+ Kf8 29. Ng6+ fxg6 30. Qxd6+ Kg7 31. Qxc5 Rc8 32. Qd4 Rxe1 33. Rxe1 Bf5 34. c4 Qd6 35. Nb5 Qb4 36. Re3 Nd7 37. d6 Ne5 38. Kh2 Rd8 39. Qb6 Rd7 40. Qd4 Kg8 41. Bd5+ Kg7 42. Rxe5 fxe5 43. Qxe5+ Kh6 44. Qh8+ Kg5 45. h4+ Kg4 46. Qd4+ Kh5 47. Bf3+ Kh6 48. Qh8+ Rh7 49. Qf8+ Rg7 50. Qe7 Rxe7 51. dxe7 Qxe7 0-1